000 01510nam2a22002651 4500
001 v19\rc\2059228
005 20250620024136.0
035 _a(NLR Aleph) 005136298
090 _a4758515
_c4758515
100 _a20081111d1912 |||y0rusy50 ca
101 0 _arus
102 _aRU
105 _ay z |||||
200 0 _a... с [! за] 1911 года [! год]
210 _d[1912]
_aБ. м.
215 _a76 с.
316 _aЭкз. РНБ (18.60.1.8): приплетен к "Ежегоднику по геологии и минералогии России" т. 14 вып. 1-9
_5NLR: 18.60.1.8
461 0 _1001v19\rc\2059219
_12001#$a[Систематический указатель литературы за...$fСост. Н.И. Криштафович]$v... с [! за] 1911 года [! год]
_1700#1$aКриштафович$bН.И.$f1866-1941$gНиколай Иосифович$4220
_94758425
_aКриштафович, Н.И. (1866-1941)
_cНово-Александрия
_d[1901]-[1914]
_fСост. Н.И. Криштафович]
_t[Систематический указатель литературы за...
_v... с [! за] 1911 года [! год]
482 0 _12001#$aЕжегодник по геологии и минералогии России$vТ. 14, вып. 1-9
_tЕжегодник по геологии и минералогии России
801 0 _aRU
_bNLR
_gpsbo
801 1 _aRU
_bProSoft-M
_2rusmarc
852 _aNLR
_j18.60.1.8
852 _aNLR
_j123/52
942 _cBOOK
980 _aNB